| 000 | 00449cam a22001337a 4500 | ||
|---|---|---|---|
| 999 |
_c508473 _d508473 |
||
| 008 | 180718b1994 xxu||||| |||| 00| 0 eng d | ||
| 082 | _aA81x54 In2/81/26Paper-1/1983 | ||
| 100 |
_aCensus of India 1981 _93816 |
||
| 245 | _aIndia: primary census abstract for scheduled castes | ||
| 260 |
_aNew Delhi _bDirector of Census Operations _c1983 |
||
| 300 | _av.p. | ||
| 440 |
_aCensus of India 1981. Series-26, India. Paper 1 of 1983 _93817 |
||
| 942 | _2ddc | ||